| Tag |
First Indicator |
Second Indicator |
Subfields |
| LEADER |
00000cas a2200000 a 4500 |
| 001 |
in00001403471 |
| 005 |
20151020055529.0 |
| 008 |
980216u19uuuuuutxumr p s0 a0eng d |
| 035 |
|
|
|a (OCoLC)38445620
|
| 035 |
|
|
|9 AHN4720AM
|
| 040 |
|
|
|a TXA
|c TXA
|d UtOrBLW
|
| 043 |
|
|
|a n-us-tx
|
| 049 |
|
|
|a TXAM
|
| 050 |
0 |
0 |
|a SD1
|b .F3
|
| 130 |
0 |
|
|a Field notes (Texas Forest Service)
|
| 245 |
1 |
0 |
|a Field notes.
|
| 264 |
|
1 |
|a College Station, TX :
|b Texas Forest Service.
|
| 310 |
|
|
|a Monthly
|
| 336 |
|
|
|a text
|b txt
|2 rdacontent
|
| 337 |
|
|
|a unmediated
|b n
|2 rdamedia
|
| 338 |
|
|
|a volume
|b nc
|2 rdacarrier
|
| 500 |
|
|
|a Title from cover.
|
| 500 |
|
|
|a Description based on: Sept. 1989.
|
| 650 |
|
0 |
|a Forests and forestry
|z Texas
|x Periodicals.
|
| 650 |
|
0 |
|a Trees
|z Texas
|x Periodicals.
|
| 610 |
2 |
0 |
|a Texas Forest Service
|x Periodicals.
|
| 710 |
2 |
|
|a Texas Forest Service.
|
| 999 |
|
|
|a MARS
|
| 999 |
f |
f |
|s 6f0cb412-76ce-31e8-a4ce-936c9e923249
|i 0f429715-b1de-33fd-bf29-c2fdeb17fdd8
|t 0
|
| 952 |
f |
f |
|p noncirc
|a Texas A&M University
|b College Station
|c Cushing Memorial Library & Archives
|d Cushing: Texas A&M (Does not check out)
|t 0
|e SD1 .F3
|h Library of Congress classification
|i unmediated -- volume
|
| 998 |
f |
f |
|a SD1 .F3
|s 1989:May-1989:July, 1989:Sept.
|t 0
|l Cushing: Texas A&M (Does not check out)
|